| 000 | 00930cam a2200265 a 4500 | ||
|---|---|---|---|
| 001 | 16480187 | ||
| 003 | OSt | ||
| 005 | 20230602123737.0 | ||
| 008 | 100928s2009 ke b f000 0 eng | ||
| 010 | _a 2010305902 | ||
| 040 |
_aDLC _cDLC |
||
| 042 |
_apcc _alcode |
||
| 043 | _af-ke--- | ||
| 082 |
_a025.84121 _bKEN |
||
| 110 | 1 | _aKenya. | |
| 245 | 1 | 0 |
_aNational policy on culture and heritage / _c[Office of the Vice-President, Ministry of State for National Heritage and Culture]. |
| 260 |
_aNairobi : _bGovt. Printer, _c2009. |
||
| 300 |
_avii, 123 p. ; _c21 cm. |
||
| 504 | _aIncludes bibliiographical references (p. 45-46). | ||
| 651 | 0 |
_aKenya _xCultural policy. |
|
| 710 | 1 |
_aKenya. _bMinistry of State for National Heritage & Culture. |
|
| 906 |
_a7 _bcbc _corigode _d3 _encip _f20 _gy-gencatlg |
||
| 942 |
_2ddc _cBK |
||
| 999 |
_c139 _d139 |
||